| 000 | 00781pam a2200229 a 4500 | ||
|---|---|---|---|
| 999 |
_c4333 _d4333 |
||
| 001 | 13673 | ||
| 003 | BD-DhUAP | ||
| 005 | 20201108155114.0 | ||
| 008 | 200308r20102009ii a b 000 0 eng | ||
| 020 | _a812192801X | ||
| 040 |
_aDLC _cDLC _dBD-DhUAP _bEng |
||
| 082 | 0 | 0 |
_a539 MUR _223 |
| 100 | _aMurugeshan, R. | ||
| 245 | 1 | 0 |
_aModern physics : _bfor B. Sc. / M. Sc. students as per syllabi of different Indian universities & also as per UGC model curriculum / _cR. Murugeshan and Kiruthiga Sivaprasath. |
| 250 | _a14th ed. | ||
| 260 |
_aNew Delhi : _bS. Chand & Co. ltd. _cc2009 [Reprinted 2010]. |
||
| 300 |
_axvi, 992 pages : _billustrations ; _c25 cm. |
||
| 501 | _aMulticolour revised edition. | ||
| 650 | _aPhysics. | ||
| 700 | _aSivaprasath, Kiruthiga. | ||
| 942 |
_2ddc _cBK |
||